1282 1738 1495 1779 1746 1261 1105 1631 1600 1604 1127 1436 1963 1537 1856 1363 1581 1798 1354 1356 1160 1986 1118 1268 1658 1764 1555 1295 1487 1051 1284 1482 1516 1941 1856 1969 1914 1281 1571 1752 1422 1013 1714 1495 1141 1545 1961 1290 1306 1346 1527 1178 1269 1474 1009 1069 1740 1408 1392 1655 1450 1959 1225 1887 1479 1694 1548 1447 1332 1657 1146 1773 1810 1339 1084 1734 1193 1946 1941 1951 1065 1425 1517 1429 1794 1189 1813 1825 1143 1823 1157 1763 1249 1769 1540 1609 1364 1218 1907 BCNSPRNW ULIB Ver.6.0+V

เปลี่ยนเป็นภาษาไทย

Change to English
 แสดงรายละเอียดบรรณานุกรม
  กลับหน้าหลัก

Brief Record : Get Marc (ISO 2709) : E-mail record : QR code < ปิดหน้าต่าง
LEADER : 00000nam 2200000uu 4500
001    13399109070
003     ULIB
008    110321s2553||||th 000 0 tha d
020    9789744140173
050  4 PN4129.T5^bย345พ 2553
100 0  ยุดา รักไทย
245 10 พูดอย่างฉลาด :^bคู่มือพัฒนาทักษะการพูดอย่างชาญฉลาด /^cผู้เขียน : ยุดา รักไทย, ปานจิตต์ โกญจนาวรรณ
250    พิมพ์ครั้งที่ 6
260    กรุงเทพฯ :^bบิสคิต,^c2553
300    132 หน้า ;^c21 ซม.
591    LISC มีปี 2550 (พิมพ์ครั้งที่ 2)
650  7 การพูด
650  7 การพูดในชุมนุมชน
650  7 การสื่อสารทางธุรกิจ
650  7 การสื่อสารระหว่างบุคคล
650  7 วาทศิลป์
700 0  ปานจิตต์ โกญจนาวรรณ
945    ^p129^l0^i029856
945    ^p129^l0^i029855
995    ทศพร
999 ^a ใช้งานได้ทุกระบบ
รายการนี้ยังไม่มีแท็ก
คุณยังไม่ได้ล็อกอิน คุณสามารถมีกิจกรรมร่วมกับเว็บไซต์ได้ แต่ต้องล็อกอินก่อน ::
  ล็อกอิน

รายการสื่อสารสนเทศ

ลำดับที่ ประเภท เลขเรียก/บาร์โค้ด สถานที่ สถานะ
- ไม่พบข้อมูล -

รายการใกล้เคียง
    ผู้แต่ง [ยุดา รักไทย]

    หัวเรื่อง [การพูด]
    หัวเรื่อง [การพูดในชุมนุมชน]
    หัวเรื่อง [การสื่อสารทางธุรกิจ]
    หัวเรื่อง [การสื่อสารระหว่างบุคคล]
    หัวเรื่อง [วาทศิลป์]

BibComment


ยังไม่เคยถูกคอมเมนท์

คอมเมนท์ทรัพยากรรายการนี้
  คอมเมนท์: พูดอย่างฉลาด คู่..


 Copyright 2026. Bcnsprnw @Library